000 00617nam a2200217 i 4500
001 17073
003 ES-MaACL
005 20250111062527.0
007 t|
008 001218s1997 sp ||||1| spa d
020 _a84-339-1047-7
080 _a821.134.2-31"19"
100 1 _aCasavella, Francisco.
_936261
245 1 3 _aEl triunfo /
_cFrancisco Casavella.
260 _aBarcelona :
_bAnagrama,
_c[1997]
300 _a174 p. ;
_c22 cm.
490 1 _aNarrativas hispánicas ;
_v217
830 0 0 _aNarrativas hispánicas (Anagrama)
_v217
_9178124
852 _aES-MaACL
_jL-23967
_bR.129121
999 _c17073
_d17073